Central Library OPAC University of Rajshahi

Caste, prejudice, and the individual / (Record no. 34584)

MARC details
000 -LEADER
fixed length control field 00841nam a22002652a 4500
001 - CONTROL NUMBER
control field 34584
003 - CONTROL NUMBER IDENTIFIER
rucl marc code BD-RJUL
005 - DATE AND TIME OF LATEST TRANSACTION
control field 20211209052201.0
008 - FIXED-LENGTH DATA ELEMENTS--GENERAL INFORMATION
fixed length control field 140518t1970 ii b 001 0 eng d
035 ## - SYSTEM CONTROL NUMBER
System control number (BD-RjUL)34678
040 ## - CATALOGING SOURCE
Original cataloging agency DLC
Transcribing agency DLC
Modifying agency EQO
-- BD-RjUL
Language of cataloging eng
041 ## - LANGUAGE CODE
Language code of text/sound track or separate title eng
082 04 - DEWEY DECIMAL CLASSIFICATION NUMBER
Classification number 301.44
Author mark and year PAC 1970
100 1# - MAIN ENTRY--PERSONAL NAME
Personal name Paranjpe, A. C.
9 (RLIN) 105210
245 10 - TITLE STATEMENT
Title Caste, prejudice, and the individual /
Statement of responsibility, etc. by A. C. Paranjpe
260 ## - PUBLICATION, DISTRIBUTION, ETC. (IMPRINT)
Place of publication, distribution, etc. Bombay :
Name of publisher, distributor, etc. Lalvani Pub. House,
Date of publication, distribution, etc. 1970.
300 ## - PHYSICAL DESCRIPTION
Pagination xvi, 236 p. ;
Size 23 cm
500 ## - GENERAL NOTE
General note A revision of the author's thesis, University of Poona
504 ## - BIBLIOGRAPHY, ETC. NOTE
Bibliography, etc Includes bibliography and index.
650 #0 - SUBJECT ADDED ENTRY--TOPICAL TERM
Topical term or geographic name as entry element Caste
Geographic subdivision India
-- Maharashtra
9 (RLIN) 105211
Topical term or geographic name as entry element College students
Geographic subdivision India
General subdivision Conduct of life
9 (RLIN) 105212
Topical term or geographic name as entry element Prejudices
Geographic subdivision India
9 (RLIN) 105213
942 ## - ADDED ENTRY ELEMENTS (KOHA)
Source of classification or shelving scheme Dewey Decimal Classification
Koha item type Books
Holdings
Lost status Source of classification or shelving scheme Damaged status Not for loan Collection code Permanent Location Current Location Shelving location Date acquired Source of acquisition Total Checkouts Full call number Date last seen Copy number Koha item type
  Dewey Decimal Classification   Not For Loan Non-fiction Central Library, University of Rajshahi Central Library, University of Rajshahi Reading Room 21/06/1974 India Govt.   301.44 PAC 1970 18/05/2014 C-1 Books